Every 100k+ City in Southern Mexico in a Map - Statistics

General Stats
  • This quiz has been taken 189 times
  • The average score is 9 of 17
Answers on the Map
Answers color-coded by a green-red scale on the quiz's map according to % correct below.
 
Answer Stats
Population City % Correct
888,797 Cancún
96%
921,771 Mérida
90%
258,913 Oaxaca de Juárez
84%
658,609 Acapulco de Juárez
78%
249,623 San Francisco de Campeche
63%
304,942 Playa del Carmen
52%
578,830 Tuxtla Gutiérrez
52%
169,028 Chetumal
50%
340,060 Villahermosa
50%
191,238 Ciudad del Carmen
46%
183,509 San Cristóbal de las Casas
38%
225,728 Chilpancingo de los Bravo
37%
217,550 Tapachula de Córdova y Ordóñez
34%
132,854 Iguala de la Independencia
26%
113,479 Comitán de Domínguez
24%
139,753 Kanasín
24%
103,609 San Juan Bautista Tuxtepec
23%
No matching quizzes found
Score Distribution
Percent of People with Each Score
Percentile by Number Answered
Your Score History
You have not taken this quiz